Klamlivá reklama III.

Možnosť porušenia ustanovení viacerých zákonov protiprávnou reklamou. Problémom je skutočnosť, že právne predpisy neurčujú, kto je za protiprávnu reklamu zodpovedný. Potreba skúmania reklamy pred jej uverejnením. Klamlivá reklama v zmysle zákonného predpisu. Ochrana pred klamlivou reklamou.

Enregistré dans:
Détails bibliographiques
Auteur principal: Vozár, Jozef
Format: Chapitre de livre
Langue:slovaque
Sujets:
Tags: Ajouter un tag
Pas de tags, Soyez le premier à ajouter un tag!

MARC

LEADER 00000naa a2200000 4500
001 r035253
005 20230929095934.4
041 0 |a slo 
044 |a SK 
245 1 0 |a Klamlivá reklama III.  |c Jozef Vozár 
520 |a Možnosť porušenia ustanovení viacerých zákonov protiprávnou reklamou. Problémom je skutočnosť, že právne predpisy neurčujú, kto je za protiprávnu reklamu zodpovedný. Potreba skúmania reklamy pred jej uverejnením. Klamlivá reklama v zmysle zákonného predpisu. Ochrana pred klamlivou reklamou. 
610 2 0 |a reklama klamlivá 
610 2 0 |a predpisy právne 
610 2 0 |a zodpovednosť 
610 2 0 |a súťaž nekalá 
610 2 0 |a poriadok právny 
100 1 |a Vozár, Jozef